000
00282nam a2200121Ia 4500
003
OSt
008
201106b ||||| |||| 00| 0 eng d
100
_a
WAYNE MONDY, R.
245
_a
Human Resource Management
260
_a
N. Delhi
_b
Pearson
_c
2011
300
_a
436
942
_2
ddc
_c
BK
999
_c
5605
_d
5605